<?xml version="1.0" encoding="UTF-8"?>
<record
    xmlns:xsi="http://www.w3.org/2001/XMLSchema-instance"
    xsi:schemaLocation="http://www.loc.gov/MARC21/slim http://www.loc.gov/standards/marcxml/schema/MARC21slim.xsd"
    xmlns="http://www.loc.gov/MARC21/slim">

  <leader>03629cam a2200289 a 4500</leader>
  <controlfield tag="001">15078674</controlfield>
  <controlfield tag="005">20080331145043.0</controlfield>
  <controlfield tag="008">071113s2008    njua     b    001 0 eng  </controlfield>
  <datafield tag="020" ind1=" " ind2=" ">
    <subfield code="a">9780471689584 (cloth)</subfield>
  </datafield>
  <datafield tag="020" ind1=" " ind2=" ">
    <subfield code="a">0471689580 (cloth)</subfield>
  </datafield>
  <datafield tag="040" ind1=" " ind2=" ">
    <subfield code="a">DLC</subfield>
    <subfield code="c">DLC</subfield>
    <subfield code="d">BAKER</subfield>
    <subfield code="d">C#P</subfield>
    <subfield code="d">YDXCP</subfield>
    <subfield code="d">OUP</subfield>
    <subfield code="d">DLC</subfield>
  </datafield>
  <datafield tag="082" ind1="0" ind2="0">
    <subfield code="a">621.312429</subfield>
    <subfield code="2">22</subfield>
    <subfield code="b">MEN</subfield>
  </datafield>
  <datafield tag="100" ind1="1" ind2=" ">
    <subfield code="a">Mench, Matthew M.</subfield>
    <subfield code="9">28695</subfield>
  </datafield>
  <datafield tag="245" ind1="1" ind2="0">
    <subfield code="a">Fuel Cell Engines /</subfield>
    <subfield code="c">Matthew M. Mench.</subfield>
  </datafield>
  <datafield tag="260" ind1=" " ind2=" ">
    <subfield code="a">Hoboken, N.J. :</subfield>
    <subfield code="b">John Wiley &amp; Sons,</subfield>
    <subfield code="c">c2008.</subfield>
  </datafield>
  <datafield tag="300" ind1=" " ind2=" ">
    <subfield code="a">xi, 515 p. :</subfield>
    <subfield code="b">ill. ;</subfield>
    <subfield code="c">25 cm.</subfield>
  </datafield>
  <datafield tag="504" ind1=" " ind2=" ">
    <subfield code="a">Includes bibliographical references and index.</subfield>
  </datafield>
  <datafield tag="505" ind1="0" ind2=" ">
    <subfield code="a">1. Introduction to Fuel Cells -- Preliminary remarks -- Fuel cells as electrochemical engines -- Generic fuel cell and stack -- Classification of fuel cells -- Potential fuel cell applications and markets -- History of fuel cell development -- Summary -- 2. Basic Electrochemical Principles -- Electrochemical versus chemical reactions -- Electrochemical reaction -- Scientific units, constants, and basic laws -- Faraday's Laws: consumption and production of species -- Measures of reactant utilization efficiency -- The generic fuel cell -- Summary -- 3. Thermodynamics of Fuel Cell Systems -- Physical nature of thermodynamic variables -- Heat of formation, sensible enthalpy, and latent heat -- Determination of change in enthalpy for nonreacting species and mixtures -- Determination of change in enthalpy for reacting species and mixtures -- Psychrometrics: thermodynamics of moist air mixtures -- Thermodynamic efficiency of a fuel cell -- Maximum expected open-circuit voltage: Nernst voltage -- Summary -- 4. Performance Characterization of Fuel Cell Systems -- Polarization curve -- Region I: activation polarization -- Region II: ohmic polarization -- Region III: concentration polarization -- Region IV: other polarization losses -- Polarization curve model summary -- Summary -- 5. Transport in Fuel Cell Systems -- Ion transport in an electrolyte -- Electron transport -- Gas-phase mass transport -- Single-phase flow in channels -- Multiphase mass transport in channels and porous media -- Heat generation and transport -- Summary -- 6. Polymer Electrolyte Fuel Cells -- Hydrogen PEFC -- Water balance in PEFC -- PEFC flow field configurations and stack design -- Direct alcohol polymer electrolyte cells -- PEFC degradation -- Multidimensional effects -- Summary -- 7. Other Fuel Cells -- Solid oxide fuel cells -- Molten carbonate fuel cells -- Phosphoric acid fuel cells -- Alkaline fuel cells -- Biological and other fuel cells -- Summary -- 8. Hydrogen Storage, Generation, and Delivery -- Modes of storage -- Modes of generation -- Hydrogen delivery -- Overall hydrogen infrastructure development -- Summary -- 9. Experimental Diagnostics and Diagnosis -- Electrochemical methods to understand polarization curve losses -- Physical probes and visualization -- Degradation measurements -- Summary.</subfield>
  </datafield>
  <datafield tag="650" ind1=" " ind2="0">
    <subfield code="a">Fuel cells.</subfield>
    <subfield code="9">28696</subfield>
  </datafield>
  <datafield tag="653" ind1=" " ind2=" ">
    <subfield code="b">Mec</subfield>
    <subfield code="b">Ele</subfield>
    <subfield code="c">February2012</subfield>
  </datafield>
  <datafield tag="856" ind1="4" ind2="2">
    <subfield code="3">Contributor biographical information</subfield>
    <subfield code="u">http://www.loc.gov/catdir/enhancements/fy0805/2007046855-b.html</subfield>
  </datafield>
  <datafield tag="856" ind1="4" ind2="2">
    <subfield code="3">Publisher description</subfield>
    <subfield code="u">http://www.loc.gov/catdir/enhancements/fy0805/2007046855-d.html</subfield>
  </datafield>
  <datafield tag="856" ind1="4" ind2="1">
    <subfield code="3">Table of contents only</subfield>
    <subfield code="u">http://www.loc.gov/catdir/enhancements/fy0805/2007046855-t.html</subfield>
  </datafield>
  <datafield tag="942" ind1=" " ind2=" ">
    <subfield code="2">ddc</subfield>
    <subfield code="c">BB</subfield>
  </datafield>
  <datafield tag="999" ind1=" " ind2=" ">
    <subfield code="c">16412</subfield>
    <subfield code="d">16412</subfield>
  </datafield>
  <datafield tag="952" ind1=" " ind2=" ">
    <subfield code="0">0</subfield>
    <subfield code="1">0</subfield>
    <subfield code="2">ddc</subfield>
    <subfield code="4">0</subfield>
    <subfield code="7">0</subfield>
    <subfield code="8">MERIC</subfield>
    <subfield code="a">MAIN</subfield>
    <subfield code="b">MAIN</subfield>
    <subfield code="c">1ST</subfield>
    <subfield code="d">2012-02-07</subfield>
    <subfield code="e">purchase</subfield>
    <subfield code="g">1069.00</subfield>
    <subfield code="h">13167</subfield>
    <subfield code="l">1</subfield>
    <subfield code="m">5</subfield>
    <subfield code="o">621.312429 MEN</subfield>
    <subfield code="p">000026015</subfield>
    <subfield code="r">2025-07-15 00:00:00</subfield>
    <subfield code="s">2019-05-12</subfield>
    <subfield code="y">BB</subfield>
  </datafield>
</record>
